[Event "21. Torneo San Viator 2013"]
[Site "Madrid ESP"]
[Date "2013.10.13"]
[Round "4.1"]
[White "Nunez Miranda, Adrian"]
[Black "Renteria, Jorge"]
[Result "1-0"]
[WhiteElo "2006"]
[BlackElo "2323"]
[PlyCount "95"]
[EventDate "2013.09.29"]
[EventType "swiss"]
[EventRounds "9"]
[EventCountry "ESP"]
[SourceTitle "Ajedrez en Madrid"]
[Source "lmi"]
[SourceDate "2013.09.29"]
[SourceVersion "1"]
[SourceVersionDate "2013.12.25"]
[SourceQuality "1"]

1. e4 c5 2. Nf3 d6 3. Bb5+ Nc6 4. O-O Bd7 5. c3 Nf6 6. Re1 a6 7. Ba4 b5 8. Bc2
Bg4 9. d3 e6 10. Nbd2 Be7 11. h3 Bh5 12. Nf1 d5 13. Ng3 Bg6 14. Qe2 O-O 15. Nh2
Re8 16. f4 Bf8 17. Be3 h6 18. Ng4 d4 19. Bd2 Nd7 20. Qf3 h5 21. Nh2 h4 22. Ne2
dxc3 23. bxc3 b4 24. Ba4 bxc3 25. Bxc3 Qc7 26. f5 Nde5 27. Bxe5 Nxe5 28. Qf1
exf5 29. exf5 Bh7 30. Bxe8 Rxe8 31. Nc3 Rd8 32. Rad1 Qd6 33. Ne4 Qd4+ 34. Kh1
Nxd3 35. Nf3 Qd5 36. Nfg5 Qxf5 37. Nxh7 Qxf1+ 38. Rxf1 Kxh7 39. Rxf7 c4 40.
Rdf1 Bb4 41. Ng5+ Kg6 42. Ne6 Rg8 43. Nf4+ Kh7 44. Nd5 Rb8 45. Rc7 Bc5 46. Nf6+
Kg6 47. Ne4 Rb5 48. Rc6+ 1-0

[Event "21. Torneo San Viator 2013"]
[Site "Madrid ESP"]
[Date "2013.10.13"]
[Round "4.2"]
[White "Iturbide Arnedo, Oscar"]
[Black "Gonzalez Mateos, Rafael"]
[Result "1-0"]
[WhiteElo "2159"]
[BlackElo "2006"]
[PlyCount "153"]
[EventDate "2013.09.29"]
[EventType "swiss"]
[EventRounds "9"]
[EventCountry "ESP"]
[SourceTitle "Ajedrez en Madrid"]
[Source "lmi"]
[SourceDate "2013.09.29"]
[SourceVersion "1"]
[SourceVersionDate "2013.12.25"]
[SourceQuality "1"]

1. e4 e6 2. d4 d5 3. e5 c5 4. c3 Qb6 5. Nf3 Bd7 6. a3 c4 7. Nbd2 Nc6 8. b3 cxb3
9. Nxb3 Na5 10. Nxa5 Qxa5 11. Bd2 Qa4 12. Qb1 b6 13. Bd3 h6 14. O-O Ne7 15. Rc1
Rc8 16. h3 g6 17. Nh2 Nf5 18. Ng4 Bg7 19. Qb4 h5 20. Nf6+ Bxf6 21. exf6 Qxb4
22. axb4 Ra8 23. Ra6 Nd6 24. Rca1 Nc8 25. c4 Bc6 26. c5 O-O 27. Bf4 Bb7 28. Bb5
bxc5 29. bxc5 Bxa6 30. Rxa6 Nb6 31. cxb6 axb6 32. Rxb6 Ra1+ 33. Bf1 Rc8 34. Rb8
Rxb8 35. Bxb8 g5 36. g3 Rd1 37. Be5 Kh7 38. Kg2 Kg6 39. Be2 Rd2 40. Kf3 Kh7 41.
Ke3 Ra2 42. Bxh5 Ra3+ 43. Ke2 Kg8 44. Bg4 Ra1 45. Kf3 Ra3+ 46. Ke2 Rb3 47. Kf1
Ra3 48. Kg2 Rb3 49. f4 Rb2+ 50. Kf3 Rb3+ 51. Kf2 Rb2+ 52. Be2 gxf4 53. Bxf4 Rb3
54. h4 Kh7 55. Bh5 Kg8 56. Be5 Ra3 57. Kg2 Rb3 58. Be2 Rb2 59. Kf3 Rb3+ 60. Kf4
Rb2 61. Bf3 Rb3 62. Bh5 Rb1 63. Kg5 Rf1 64. Kh6 Rg1 65. Be2 Rg2 66. Bd3 Rd2 67.
Bh7+ Kh8 68. Bd6 Rf2 69. Be5 Rh2 70. Bg6 Kg8 71. Bh5 Rg2 72. g4 Rg1 73. g5 Rh1
74. g6 fxg6 75. Kxg6 Rg1+ 76. Kh6 Rg2 77. f7+ 1-0

[Event "21. Torneo San Viator 2013"]
[Site "Madrid ESP"]
[Date "2013.10.13"]
[Round "4.3"]
[White "Garcia Martin, Esteban"]
[Black "Perez Calahorra, Ricardo"]
[Result "0-1"]
[WhiteElo "1892"]
[BlackElo "2126"]
[PlyCount "70"]
[EventDate "2013.09.29"]
[EventType "swiss"]
[EventRounds "9"]
[EventCountry "ESP"]
[SourceTitle "Ajedrez en Madrid"]
[Source "lmi"]
[SourceDate "2013.09.29"]
[SourceVersion "1"]
[SourceVersionDate "2013.12.25"]
[SourceQuality "1"]

1. c4 Nf6 2. Nc3 e5 3. g3 c6 4. d4 exd4 5. Qxd4 d5 6. Bg2 Be6 7. cxd5 cxd5 8.
Nf3 Nc6 9. Qa4 Bc5 10. O-O O-O 11. Bg5 h6 12. Bxf6 Qxf6 13. Rfd1 Rad8 14. Rac1
Bb6 15. e3 Rd7 16. Ne2 Qxb2 17. Ned4 Nxd4 18. Nxd4 Bxd4 19. Rb1 Qe2 20. Bf1 Qh5
21. Rxd4 a6 22. Rb6 Rc7 23. Rb1 Rfc8 24. Qd1 Qxd1 25. Rbxd1 Rc2 26. a4 Bd7 27.
Rxd5 Bxa4 28. Rd8+ Be8 29. Bg2 Rxd8 30. Rxd8 Rc1+ 31. Bf1 Kf8 32. Rb8 Ke7 33.
Rxb7+ Kd6 34. Rb6+ Kc7 35. Rxa6 Rxf1+ 0-1

[Event "21. Torneo San Viator 2013"]
[Site "Madrid ESP"]
[Date "2013.10.13"]
[Round "4.4"]
[White "Gil Sierra, Jacinto"]
[Black "Soto Martin, Pablo"]
[Result "1-0"]
[WhiteElo "2041"]
[BlackElo "1740"]
[PlyCount "43"]
[EventDate "2013.09.29"]
[EventType "swiss"]
[EventRounds "9"]
[EventCountry "ESP"]
[SourceTitle "Ajedrez en Madrid"]
[Source "lmi"]
[SourceDate "2013.09.29"]
[SourceVersion "1"]
[SourceVersionDate "2013.12.25"]
[SourceQuality "1"]

1. e4 e5 2. Nf3 Nc6 3. Bb5 Bc5 4. O-O Nge7 5. c3 Bb6 6. d4 exd4 7. cxd4 d5 8.
exd5 Nxd5 9. Ne5 Qd6 10. b3 O-O 11. Bxc6 bxc6 12. Ba3 c5 13. Nd2 Nc3 14. Qe1
Qxd4 15. Ndf3 Qf4 16. Qxc3 Be6 17. Bxc5 Rfd8 18. Rad1 Bd5 19. Bxb6 cxb6 20. Rd4
Qf5 21. Rfd1 f6 22. Nc6 1-0

[Event "21. Torneo San Viator 2013"]
[Site "Madrid ESP"]
[Date "2013.10.13"]
[Round "4.5"]
[White "Vallejo Nuno, Jorge"]
[Black "Crespo Villalba, Israel"]
[Result "1-0"]
[WhiteElo "2068"]
[BlackElo "1886"]
[PlyCount "73"]
[EventDate "2013.09.29"]
[EventType "swiss"]
[EventRounds "9"]
[EventCountry "ESP"]
[SourceTitle "Ajedrez en Madrid"]
[Source "lmi"]
[SourceDate "2013.09.29"]
[SourceVersion "1"]
[SourceVersionDate "2013.12.25"]
[SourceQuality "1"]

1. e4 d6 2. d4 Nf6 3. Nc3 g6 4. Bg5 Bg7 5. e5 Nfd7 6. f4 O-O 7. Nf3 c5 8. exd6
f6 9. Bh4 exd6 10. Bc4+ Kh8 11. O-O Nb6 12. Be2 Nc6 13. Qd2 Bg4 14. d5 Ne7 15.
h3 Bxf3 16. Bxf3 Nf5 17. Bf2 Re8 18. g4 Nh6 19. Kg2 Qd7 20. a4 f5 21. g5 Nf7
22. Qd3 a6 23. a5 Nc8 24. Na4 Qb5 25. c4 Qd7 26. Rfb1 Ne5 27. fxe5 dxe5 28.
Nxc5 Qe7 29. Ne6 e4 30. Bxe4 fxe4 31. Qxe4 Nd6 32. Qf4 Rf8 33. Nxf8 Rxf8 34.
Re1 Qc7 35. Bb6 Qxc4 36. Qxd6 Qc2+ 37. Kg1 1-0

[Event "21. Torneo San Viator 2013"]
[Site "Madrid ESP"]
[Date "2013.10.13"]
[Round "4.6"]
[White "Garcia Galeote, Lorenzo"]
[Black "Zhynguel Ramirez De Verger, Al"]
[Result "1/2-1/2"]
[WhiteElo "1987"]
[BlackElo "1877"]
[PlyCount "62"]
[EventDate "2013.09.29"]
[EventType "swiss"]
[EventRounds "9"]
[EventCountry "ESP"]
[SourceTitle "Ajedrez en Madrid"]
[Source "lmi"]
[SourceDate "2013.09.29"]
[SourceVersion "1"]
[SourceVersionDate "2013.12.25"]
[SourceQuality "1"]

1. d4 Nf6 2. c4 e6 3. Nc3 Bb4 4. a3 Bxc3+ 5. bxc3 c5 6. e3 O-O 7. Bd3 b6 8. Ne2
Nc6 9. e4 Ne8 10. O-O Ba6 11. f4 f5 12. e5 Na5 13. d5 d6 14. g4 g6 15. dxe6 Qe7
16. Ng3 Qxe6 17. gxf5 gxf5 18. Re1 Bxc4 19. exd6 Qxd6 20. Bxf5 Qxd1 21. Rxd1
Ng7 22. Be4 Rad8 23. Be3 Ne6 24. f5 Nc7 25. Bg5 Rxd1+ 26. Rxd1 Nb5 27. Rd7 Rf7
28. Rd8+ Rf8 29. Rd7 Rf7 30. Rd8+ Rf8 31. Rd7 Rf7 1/2-1/2

[Event "21. Torneo San Viator 2013"]
[Site "Madrid ESP"]
[Date "2013.10.13"]
[Round "4.7"]
[White "Garcia Martin, Juan Manuel"]
[Black "Luna Hermoso, Angel"]
[Result "0-1"]
[WhiteElo "1797"]
[BlackElo "1979"]
[PlyCount "74"]
[EventDate "2013.09.29"]
[EventType "swiss"]
[EventRounds "9"]
[EventCountry "ESP"]
[SourceTitle "Ajedrez en Madrid"]
[Source "lmi"]
[SourceDate "2013.09.29"]
[SourceVersion "1"]
[SourceVersionDate "2013.12.25"]
[SourceQuality "1"]

1. d4 Nf6 2. Nf3 c5 3. e3 e6 4. c3 b6 5. g3 Nc6 6. Bg2 Ba6 7. b3 cxd4 8. c4
Bb4+ 9. Bd2 dxe3 10. Bxb4 exf2+ 11. Kxf2 Nxb4 12. Ne5 Qc7 13. Re1 Qc5+ 14. Kf1
d5 15. a3 Nc6 16. Nxc6 Qxc6 17. Kg1 Qc5+ 18. Kh1 O-O 19. cxd5 Rad8 20. Ra2 Nxd5
21. Qf3 Bb7 22. Qe2 Ba8 23. Rc2 Qe3 24. Qf1 Qxb3 25. Rce2 a5 26. Qf2 Rc8 27. h4
b5 28. Kh2 Nf6 29. Qf4 Bxg2 30. Kxg2 Rfd8 31. Nd2 Qxa3 32. Ne4 Nxe4 33. Rxe4 b4
34. h5 h6 35. Rf1 f5 36. Re3 Rc2+ 37. Rf2 Qa2 0-1

[Event "21. Torneo San Viator 2013"]
[Site "Madrid ESP"]
[Date "2013.10.13"]
[Round "4.8"]
[White "Tirado Parra, Alberto"]
[Black "Perez Bruni, Alfredo"]
[Result "1/2-1/2"]
[WhiteElo "1937"]
[BlackElo "1726"]
[PlyCount "41"]
[EventDate "2013.09.29"]
[EventType "swiss"]
[EventRounds "9"]
[EventCountry "ESP"]
[SourceTitle "Ajedrez en Madrid"]
[Source "lmi"]
[SourceDate "2013.09.29"]
[SourceVersion "1"]
[SourceVersionDate "2013.12.25"]
[SourceQuality "1"]

1. d4 Nf6 2. Nf3 e6 3. Bf4 d5 4. e3 c5 5. c4 Bd7 6. Nc3 cxd4 7. exd4 Bb4 8. c5
Ne4 9. Qc2 Qa5 10. Bd2 Nxd2 11. Nxd2 Qd8 12. a3 Ba5 13. b4 Bc7 14. Nb5 a6 15.
Nxc7+ Qxc7 16. Nf3 Nc6 17. Qc3 Qf4 18. Qd2 Qxd2+ 19. Kxd2 f6 20. Re1 Kf7 21.
Bd3 1/2-1/2

[Event "21. Torneo San Viator 2013"]
[Site "Madrid ESP"]
[Date "2013.10.13"]
[Round "4.9"]
[White "Perez Gonzalez, Daniel"]
[Black "Camarero Izquierdo, Juan Carlo"]
[Result "0-1"]
[WhiteElo "1546"]
[BlackElo "1893"]
[PlyCount "50"]
[EventDate "2013.09.29"]
[EventType "swiss"]
[EventRounds "9"]
[EventCountry "ESP"]
[SourceTitle "Ajedrez en Madrid"]
[Source "lmi"]
[SourceDate "2013.09.29"]
[SourceVersion "1"]
[SourceVersionDate "2013.12.25"]
[SourceQuality "1"]

1. e4 c5 2. Nf3 d6 3. d4 cxd4 4. Nxd4 Nf6 5. Nc3 e6 6. Be3 Be7 7. Bc4 O-O 8. g4
Nc6 9. g5 Nd7 10. Bxe6 Nxd4 11. Bxd7 Nxc2+ 12. Qxc2 Bxd7 13. h4 Bg4 14. f4 Rc8
15. Qf2 f5 16. h5 Qa5 17. Bd4 fxe4 18. Qe3 d5 19. h6 g6 20. Bxa7 Bb4 21. Bd4
Rf5 22. O-O Bd6 23. Rac1 Rcf8 24. Bf6 R5xf6 25. gxf6 Bc5 0-1

[Event "21. Torneo San Viator 2013"]
[Site "Madrid ESP"]
[Date "2013.10.13"]
[Round "4.10"]
[White "Cabanas Bravo, Juan Andres"]
[Black "Alonso Penalver, Angel"]
[Result "1-0"]
[WhiteElo "2089"]
[BlackElo "1762"]
[PlyCount "119"]
[EventDate "2013.09.29"]
[EventType "swiss"]
[EventRounds "9"]
[EventCountry "ESP"]
[SourceTitle "Ajedrez en Madrid"]
[Source "lmi"]
[SourceDate "2013.09.29"]
[SourceVersion "1"]
[SourceVersionDate "2013.12.25"]
[SourceQuality "1"]

1. e4 c5 2. Nf3 e6 3. d4 cxd4 4. Nxd4 d6 5. Nc3 Nf6 6. Be3 Nc6 7. f3 h5 8. Qd2
Be7 9. Be2 a6 10. a4 Bd7 11. O-O Rc8 12. Nb3 Qc7 13. Rfd1 Ne5 14. Bf4 h4 15. a5
h3 16. g4 Kf8 17. Bxe5 dxe5 18. g5 Bc5+ 19. Kh1 Bd4 20. gxf6 gxf6 21. Nxd4 exd4
22. Qxd4 Ke7 23. Qb4+ Qc5 24. Qxc5+ Rxc5 25. Rg1 Bb5 26. Nxb5 axb5 27. Bd3 b4
28. b3 Ra8 29. Rg3 Rh5 30. Kg1 b6 31. a6 Kd6 32. a7 Ra5 33. Rd1 R8xa7 34. Rxh3
Rg5+ 35. Kf2 Ra2 36. f4 Rc5 37. Re3 Ke7 38. f5 e5 39. h4 Rc3 40. Kf3 Rc8 41. h5
Rh8 42. Kg4 Raa8 43. Be2 Rag8+ 44. Kh3 Rc8 45. Rd2 Rcg8 46. Red3 Rg1 47. Rd7+
Kf8 48. Rd8+ Kg7 49. Rxh8 Kxh8 50. Rd6 Re1 51. Bd3 Kg7 52. Rxb6 Rh1+ 53. Kg4
Rg1+ 54. Kf3 Rh1 55. Rxb4 Rxh5 56. Rb7 Rh4 57. Ke3 Rh3+ 58. Kd2 Rh4 59. b4 Rh2+
60. Kc3 1-0

[Event "21. Torneo San Viator 2013"]
[Site "Madrid ESP"]
[Date "2013.10.13"]
[Round "4.11"]
[White "Sirera Ripoll, Jose"]
[Black "Madurga Lopez, Ignacio"]
[Result "0-1"]
[WhiteElo "1726"]
[BlackElo "2074"]
[PlyCount "94"]
[EventDate "2013.09.29"]
[EventType "swiss"]
[EventRounds "9"]
[EventCountry "ESP"]
[SourceTitle "Ajedrez en Madrid"]
[Source "lmi"]
[SourceDate "2013.09.29"]
[SourceVersion "1"]
[SourceVersionDate "2013.12.25"]
[SourceQuality "1"]

1. d4 g6 2. Nf3 Bg7 3. Bf4 d6 4. e3 Nd7 5. Be2 e5 6. Bg3 Qe7 7. c4 e4 8. Nfd2
f5 9. Nc3 c6 10. Qb3 Nh6 11. Qa3 Nf7 12. b4 Nf6 13. h3 O-O 14. b5 Bd7 15. Rc1
c5 16. Nb3 b6 17. O-O Bc8 18. Rfd1 Bb7 19. Qb2 g5 20. Qd2 Rad8 21. a4 Nh8 22.
a5 Ng6 23. axb6 axb6 24. Ra1 Rd7 25. Na4 Qd8 26. Ra2 Rff7 27. Rda1 h5 28. Nc3
h4 29. Bh2 g4 30. hxg4 fxg4 31. Qd1 g3 32. fxg3 Bh6 33. Qd2 hxg3 34. Bxg3 Kh7
35. Nd1 Qg8 36. Qe1 Rg7 37. Bf1 Nh5 38. Bh2 Rdf7 39. Bxd6 Bg5 40. dxc5 Bh4 41.
Qe2 Kh6 42. c6 Bc8 43. Ra8 Bg3 44. Nd4 Bxd6 45. Ne6 Ng3 46. Qg4 Rxf1+ 47. Kh2
Rh1# 0-1

[Event "21. Torneo San Viator 2013"]
[Site "Madrid ESP"]
[Date "2013.10.13"]
[Round "4.12"]
[White "Yeves Miquel, Enrique"]
[Black "Martin Mazuelo, Miguel"]
[Result "1-0"]
[WhiteElo "1713"]
[BlackElo "1992"]
[PlyCount "55"]
[EventDate "2013.09.29"]
[EventType "swiss"]
[EventRounds "9"]
[EventCountry "ESP"]
[SourceTitle "Ajedrez en Madrid"]
[Source "lmi"]
[SourceDate "2013.09.29"]
[SourceVersion "1"]
[SourceVersionDate "2013.12.25"]
[SourceQuality "1"]

1. d4 e6 2. c4 b6 3. a3 Bb7 4. Nc3 f5 5. d5 Nf6 6. g3 Be7 7. Bg2 O-O 8. Nh3 e5
9. O-O Bc5 10. b4 Bd4 11. Bb2 h6 12. e3 Bxc3 13. Bxc3 d6 14. f4 e4 15. Nf2 Ba6
16. b5 Bc8 17. Bh3 g6 18. g4 Qe8 19. Kh1 Nxg4 20. Nxg4 fxg4 21. Bxg4 Bxg4 22.
Qxg4 Kh7 23. f5 g5 24. f6 Qg6 25. f7 h5 26. Qe6 h4 27. Rf6 Qg7 28. Qxe4+ 1-0

[Event "21. Torneo San Viator 2013"]
[Site "Madrid ESP"]
[Date "2013.10.13"]
[Round "4.13"]
[White "Rosa Ramirez, Victor D"]
[Black "Rodriguez Bittar, Karim Javier"]
[Result "1-0"]
[WhiteElo "1991"]
[BlackElo "1741"]
[PlyCount "108"]
[EventDate "2013.09.29"]
[EventType "swiss"]
[EventRounds "9"]
[EventCountry "ESP"]
[SourceTitle "Ajedrez en Madrid"]
[Source "lmi"]
[SourceDate "2013.09.29"]
[SourceVersion "1"]
[SourceVersionDate "2013.12.25"]
[SourceQuality "1"]

1. e4 e5 2. Nf3 Nc6 3. Bc4 Bc5 4. O-O Nf6 5. d4 Bxd4 6. Nxd4 Nxd4 7. f4 d6 8.
fxe5 dxe5 9. Bg5 Be6 10. Bd3 Qe7 11. Nd2 h6 12. Bh4 g5 13. Bf2 Ng4 14. c3 Nxf2
15. Rxf2 Nc6 16. Bb5 Qc5 17. Qa4 a6 18. Bxc6+ bxc6 19. Nb3 Qb5 20. Qa3 Bxb3 21.
axb3 c5 22. Rf5 O-O 23. Rxe5 Rab8 24. Qxa6 Qb6 25. Ra3 Rfd8 26. Rd5 Re8 27. e5
Re6 28. Qxb6 cxb6 29. Ra6 f6 30. exf6 Rxf6 31. h3 Rbf8 32. Rd7 R8f7 33. Raa7
Rxd7 34. Rxd7 h5 35. Rd5 Rg6 36. Kf2 Kf7 37. Ke3 Ke6 38. Ke4 Rg8 39. c4 Rg7 40.
b4 cxb4 41. Rb5 Rc7 42. Rxb6+ Kf7 43. Rxb4 g4 44. hxg4 h4 45. b3 Re7+ 46. Kf5
Re2 47. Rb7+ Kf8 48. Kg5 Rxg2 49. Kxh4 Rh2+ 50. Kg5 Rd2 51. Kh6 Kg8 52. c5 Rd8
53. b4 Kh8 54. g5 Rg8 1-0

[Event "21. Torneo San Viator 2013"]
[Site "Madrid ESP"]
[Date "2013.10.13"]
[Round "4.14"]
[White "Bustos Bernardo, Samuel"]
[Black "Ruiz Sanchez, Roberto"]
[Result "1/2-1/2"]
[WhiteElo "1686"]
[BlackElo "1972"]
[PlyCount "121"]
[EventDate "2013.09.29"]
[EventType "swiss"]
[EventRounds "9"]
[EventCountry "ESP"]
[SourceTitle "Ajedrez en Madrid"]
[Source "lmi"]
[SourceDate "2013.09.29"]
[SourceVersion "1"]
[SourceVersionDate "2013.12.25"]
[SourceQuality "1"]

1. Nf3 Nf6 2. c4 c6 3. Nc3 d5 4. d4 dxc4 5. a4 Bf5 6. Bf4 Na6 7. Ne5 Nb4 8. Rc1
e6 9. Nxc4 Be7 10. e3 O-O 11. Be2 Nfd5 12. Nxd5 Nxd5 13. O-O Nxf4 14. exf4 Be4
15. Ne5 Qd6 16. Qb3 Rab8 17. Rfd1 Rfd8 18. Bg4 Qb4 19. Qxb4 Bxb4 20. Rc4 Ba5
21. b4 Bb6 22. a5 Bc7 23. b5 Bd5 24. Rcc1 Bxe5 25. fxe5 cxb5 26. Be2 a6 27. Rc5
Rbc8 28. Rdc1 Rxc5 29. dxc5 Kf8 30. f4 Ke7 31. Kf2 Kd7 32. g4 Kc6 33. Ke3 h6
34. h4 Bc4 35. Bxc4 bxc4 36. Rxc4 Rd5 37. Rc1 Rxc5 38. Ra1 f6 39. exf6 gxf6 40.
Ra3 Rb5 41. Ke4 Rb4+ 42. Kf3 Kb5 43. g5 fxg5 44. hxg5 hxg5 45. fxg5 Kc6 46. Re3
Kd6 47. Rd3+ Ke7 48. Rc3 Kf7 49. Rc5 Rb5 50. Rxb5 axb5 51. Ke4 Kg6 52. Kd4 Kxg5
53. Kc5 e5 54. Kxb5 e4 55. Kb6 e3 56. Kxb7 e2 57. a6 e1=Q 58. a7 Qe7+ 59. Kb8
Qb4+ 60. Ka8 Qa5 61. Kb7 1/2-1/2

[Event "21. Torneo San Viator 2013"]
[Site "Madrid ESP"]
[Date "2013.10.13"]
[Round "4.15"]
[White "Sotoca Aguado, Jose"]
[Black "Benitez Cadenas, Luis Miguel"]
[Result "1-0"]
[WhiteElo "1961"]
[BlackElo "1702"]
[PlyCount "143"]
[EventDate "2013.09.29"]
[EventType "swiss"]
[EventRounds "9"]
[EventCountry "ESP"]
[SourceTitle "Ajedrez en Madrid"]
[Source "lmi"]
[SourceDate "2013.09.29"]
[SourceVersion "1"]
[SourceVersionDate "2013.12.25"]
[SourceQuality "1"]

1. d4 e6 2. e4 d5 3. Nc3 dxe4 4. Nxe4 Bd7 5. Nf3 Bc6 6. Bd3 Nd7 7. O-O Ngf6 8.
Nxf6+ Nxf6 9. Ne5 Qd5 10. Nxc6 Qxc6 11. Qe2 O-O-O 12. c3 h6 13. a4 Qd5 14. Be3
Bd6 15. f4 Qh5 16. Qxh5 Nxh5 17. f5 e5 18. Bc4 Rhf8 19. dxe5 Bxe5 20. Rad1 Bd6
21. a5 a6 22. b4 Nf6 23. b5 axb5 24. Bxb5 c6 25. Bc4 Nd5 26. Bd4 f6 27. a6 bxa6
28. Bxa6+ Kc7 29. Rb1 Rb8 30. Bc4 Rxb1 31. Rxb1 Rb8 32. Rxb8 Kxb8 33. h3 Bg3
34. Kf1 Kc7 35. Bd3 Kd6 36. c4 Nb4 37. Be4 c5 38. Be3 Be5 39. Ke2 Nc6 40. g4
Bd4 41. Bf4+ Kd7 42. Bd5 Ne5 43. Bd2 Nc6 44. Kf3 Ne7 45. Be6+ Kc6 46. Ke4 Be5
47. Be3 Bd6 48. Bf2 Be5 49. h4 Bd6 50. Be1 Bc7 51. Bf2 Bd6 52. Kf3 Bc7 53. Be3
Be5 54. g5 hxg5 55. hxg5 fxg5 56. Bxg5 Bf6 57. Bf4 g5 58. fxg6 Nxg6 59. Bd5+
Kb6 60. Bd6 Bd4 61. Ke4 Nh4 62. Kf4 Bf6 63. Kg4 Bd8 64. Be4 Bf6 65. Bg3 Be7 66.
Bxh4 Bxh4 67. Kxh4 Kc7 68. Kg5 Kd7 69. Kf6 Kd6 70. Bd5 Kd7 71. Ke5 Kc7 72. Bf3
1-0

[Event "21. Torneo San Viator 2013"]
[Site "Madrid ESP"]
[Date "2013.10.13"]
[Round "4.16"]
[White "Marcos Herrero, Francisco"]
[Black "Sorribes Calle, Pablo"]
[Result "1/2-1/2"]
[WhiteElo "1949"]
[BlackElo "1682"]
[PlyCount "147"]
[EventDate "2013.09.29"]
[EventType "swiss"]
[EventRounds "9"]
[EventCountry "ESP"]
[SourceTitle "Ajedrez en Madrid"]
[Source "lmi"]
[SourceDate "2013.09.29"]
[SourceVersion "1"]
[SourceVersionDate "2013.12.25"]
[SourceQuality "1"]

1. d4 e6 2. c4 f5 3. g3 Nf6 4. Bg2 Be7 5. Nf3 O-O 6. O-O d5 7. Nc3 c6 8. Rb1
dxc4 9. Ne5 Nd5 10. Nxc4 Nd7 11. e4 N5b6 12. Ne3 f4 13. Ng4 h5 14. Ne5 Nxe5 15.
dxe5 fxg3 16. hxg3 Qe8 17. Ne2 g5 18. b3 Qg6 19. Be3 Nd7 20. f4 g4 21. f5 exf5
22. Nf4 Qh7 23. e6 Nc5 24. exf5 Qxf5 25. Nd5 Qxe6 26. Nxe7+ Qxe7 27. Rxf8+ Qxf8
28. Qc2 Ne6 29. Qg6+ Ng7 30. Rf1 Bf5 31. Qg5 Qc8 32. Bd4 Qd7 33. Bxg7 Qxg7 34.
Qxf5 h4 35. Rf4 Qa1+ 36. Kh2 hxg3+ 37. Kxg3 Qe1+ 38. Kxg4 Qd1+ 39. Kh4 Qe1+ 40.
Rf2 Re8 41. Qg6+ Kh8 42. Qf6+ Kg8 43. Kh3 Qe6+ 44. Qxe6+ Rxe6 45. Kg3 Re7 46.
Kf3 b6 47. Re2 Rd7 48. Ke3 c5 49. Rd2 Rc7 50. Kd3 Kf7 51. Kc4 a6 52. Rd7+ Rxd7
53. Bd5+ Kf6 54. a3 Ke5 55. Bc6 Rg7 56. a4 Kd6 57. Be8 Rg3 58. Bh5 Re3 59. Bg6
Kc6 60. Bd3 b5+ 61. axb5+ axb5+ 62. Kc3 Kd6 63. Kc2 Rxd3 64. Kxd3 Kd5 65. Kd2
Kd4 66. Kc2 c4 67. bxc4 Kxc4 68. Kb2 Kb4 69. Ka2 Kc3 70. Ka3 b4+ 71. Ka2 b3+
72. Ka1 Kc4 73. Kb2 Kb4 74. Kb1 1/2-1/2

[Event "21. Torneo San Viator 2013"]
[Site "Madrid ESP"]
[Date "2013.10.13"]
[Round "4.17"]
[White "Dorado Reboredo, Jose Maria"]
[Black "Lopez Ziegler, Carlos"]
[Result "1/2-1/2"]
[WhiteElo "1678"]
[BlackElo "1944"]
[PlyCount "97"]
[EventDate "2013.09.29"]
[EventType "swiss"]
[EventRounds "9"]
[EventCountry "ESP"]
[SourceTitle "Ajedrez en Madrid"]
[Source "lmi"]
[SourceDate "2013.09.29"]
[SourceVersion "1"]
[SourceVersionDate "2013.12.25"]
[SourceQuality "1"]

1. e4 c5 2. Nf3 e6 3. c3 Nf6 4. e5 Nd5 5. d4 cxd4 6. cxd4 Nc6 7. Bc4 Nb6 8. Bb3
d6 9. O-O dxe5 10. dxe5 Qxd1 11. Rxd1 a6 12. Be3 Nd7 13. Bg5 h6 14. Bh4 g5 15.
Bg3 Bg7 16. Nc3 Ndxe5 17. Nxe5 Bxe5 18. Bxe5 Nxe5 19. Ne4 O-O 20. Rac1 Kg7 21.
Nd6 Nc6 22. Ba4 Ne7 23. Ne8+ Kg6 24. Rd8 b5 25. Bd1 Bb7 26. Bc2+ f5 27. Rxa8
Bxa8 28. Nc7 Bd5 29. Nxa6 Bxa2 30. b3 Ra8 31. Nb4 Ra3 32. Ra1 Rxb3 33. Bxb3
Bxb3 34. Ra7 Nd5 35. Nd3 Kf6 36. Nc5 Bc4 37. Nd7+ Kg6 38. Ne5+ Kf6 39. Nxc4
bxc4 40. Ra4 c3 41. Rc4 h5 42. Kf1 g4 43. Ke2 Ke5 44. g3 f4 45. gxf4+ Nxf4+ 46.
Ke3 Nd5+ 47. Kd3 Kf5 48. Ra4 h4 49. Rc4 1/2-1/2

[Event "21. Torneo San Viator 2013"]
[Site "Madrid ESP"]
[Date "2013.10.13"]
[Round "4.18"]
[White "Barahona Torrijos, Angel"]
[Black "Moreno Sanchez, Guillermo"]
[Result "1-0"]
[WhiteElo "1867"]
[BlackElo "1621"]
[PlyCount "33"]
[EventDate "2013.09.29"]
[EventType "swiss"]
[EventRounds "9"]
[EventCountry "ESP"]
[SourceTitle "Ajedrez en Madrid"]
[Source "lmi"]
[SourceDate "2013.09.29"]
[SourceVersion "1"]
[SourceVersionDate "2013.12.25"]
[SourceQuality "1"]

1. e4 c5 2. a3 Nc6 3. b4 cxb4 4. axb4 Nxb4 5. d4 Nc6 6. d5 Ne5 7. Qd4 Qc7 8. f4
Ng6 9. e5 d6 10. Nf3 a6 11. Bb5+ Bd7 12. Bxd7+ Qxd7 13. Ng5 Qf5 14. Nxf7 Qxf7
15. e6 Qf6 16. Qa4+ b5 17. Qxb5+ 1-0

[Event "21. Torneo San Viator 2013"]
[Site "Madrid ESP"]
[Date "2013.10.13"]
[Round "4.19"]
[White "Cabeza Hernandez, Guillermo"]
[Black "Jimenez Gonzalez, Marcos"]
[Result "0-1"]
[WhiteElo "1565"]
[BlackElo "1847"]
[PlyCount "76"]
[EventDate "2013.09.29"]
[EventType "swiss"]
[EventRounds "9"]
[EventCountry "ESP"]
[SourceTitle "Ajedrez en Madrid"]
[Source "lmi"]
[SourceDate "2013.09.29"]
[SourceVersion "1"]
[SourceVersionDate "2013.12.25"]
[SourceQuality "1"]

1. c4 e6 2. g3 d5 3. Bg2 c5 4. Nf3 Nc6 5. cxd5 exd5 6. O-O Nf6 7. d4 Be7 8. Nc3
O-O 9. Bg5 c4 10. b3 cxb3 11. Qxb3 Na5 12. Qc2 Be6 13. Qd3 Rc8 14. a4 Nc4 15.
Rab1 b6 16. Rfd1 Qd7 17. Nd2 Rfd8 18. Nxc4 dxc4 19. Qe3 Ng4 20. Qc1 Bf5 21.
Bxe7 Qxe7 22. Rb5 Qf6 23. Qf4 Bd7 24. Qxf6 Nxf6 25. Re5 Kf8 26. Bb7 Rb8 27. Ba6
Ng4 28. Re4 f5 29. Rxg4 fxg4 30. e4 Bc8 31. d5 Bxa6 32. e5 b5 33. d6 b4 34. Nd5
Bc8 35. Rd4 Rb7 36. Rxc4 b3 37. Nc7 Rxc7 38. Rxc7 b2 0-1

[Event "21. Torneo San Viator 2013"]
[Site "Madrid ESP"]
[Date "2013.10.13"]
[Round "4.20"]
[White "Alonso Vara, Maria"]
[Black "Herreros Ruiz, Jorge Alejandro"]
[Result "1-0"]
[WhiteElo "1842"]
[BlackElo "1549"]
[PlyCount "57"]
[EventDate "2013.09.29"]
[EventType "swiss"]
[EventRounds "9"]
[EventCountry "ESP"]
[SourceTitle "Ajedrez en Madrid"]
[Source "lmi"]
[SourceDate "2013.09.29"]
[SourceVersion "1"]
[SourceVersionDate "2013.12.25"]
[SourceQuality "1"]

1. e4 c6 2. d4 d5 3. Nc3 dxe4 4. Nxe4 Bf5 5. Ng3 Bg6 6. h4 h6 7. h5 Bh7 8. Nf3
Nd7 9. Bd3 Bxd3 10. Qxd3 e6 11. Bf4 Ngf6 12. O-O-O Qa5 13. Kb1 Be7 14. Rdg1 c5
15. Ne4 Nd5 16. Bd2 Qc7 17. g4 c4 18. Qe2 b5 19. g5 b4 20. b3 c3 21. Bc1 a5 22.
g6 f6 23. Nc5 Nxc5 24. dxc5 e5 25. Qb5+ Kd8 26. Rd1 Rb8 27. Rxd5+ Kc8 28. Qa6+
Rb7 29. c6 1-0